Thăng Long - Hà Nội /

Shranjeno v:
Bibliografske podrobnosti
Glavni avtor: Trần Quốc Vượng
Drugi avtorji: Đinh Xuân Lâm, Phan Huy Lê
Format: Sách giấy
Jezik:Vietnamese
Izdano: Hà Nội : Chính trị Quốc gia , 1995
Oznake: Označite
Brez oznak, prvi označite!
Thư viện lưu trữ: Thư viện Trường Đại học Đà Lạt
LEADER 00698nam a2200277 4500
001 DLU020011855
005 ##5/18/2000
020 # # |a 978- 
041 # # |a vie 
082 # # |a 911.597  |b Tha 
090 # # |a 911.597  |b Tha 
100 # # |a Trần Quốc Vượng 
245 # # |a Thăng Long - Hà Nội /  |c Vượng Trần Quốc, Lê Phan Huy, ... Đinh Xuân Lâm 
260 # # |a Hà Nội :  |b Chính trị Quốc gia ,  |c 1995 
300 # # |a 427 tr.;   |c 22 cm. 
700 # # |a Đinh Xuân Lâm 
700 # # |a Phan Huy Lê 
992 # # |a 42000 
994 # # |a DLU 
900 # # |a False 
911 # # |a Administrator 
925 # # |a G 
926 # # |a A 
927 # # |a SH 
980 # # |a Thư viện Trường Đại học Đà Lạt